Membres Originaux de l'OTAN - Statistiques

Statistiques générales
  • Ce quiz a été pris 48 fois
  • Le résultat moyen est 11 sur 12
Statistiques - réponses
Signataires Pays % Correct
Robert Schuman et Henri Bonnet France
100%
Paul-Henri Spaak et Baron Robert Silvercruys Belgique
98%
Lester B. Pearson et H. H. Wrong Canada
98%
Dean Acheson États Unis
98%
Carlo Sforza et Alberto Tarchiani Italie
98%
Dirk Stikker et Eelco van Kleffens Pays-Bas
98%
José Caeiro da Mata et Pedro Teotónio Pereira Portugal
95%
Ernest Bevin et Oliver Franks Royaume-Uni
95%
Joseph Bech et Hugues Le Gallais Luxembourg
86%
Gustav Rasmussen et Henrik Kauffmann Danemark
84%
Bjarni Benediktsson et Thor Thors Islande
79%
Halvard M. Lange et Wilhelm von Munthe af Morgenstierne Norvège
79%
Aucun quiz correspondant
Distribution des résultats
% des personnes avec chaque résultat
Percentile par nombre de réponses
Votre historique - résultats
Vous n’avez pas pris ce quiz